| 000 | 01213nam2a22002531 4500 | ||
|---|---|---|---|
| 001 | RU\NLR\INFOCOMM6\1000417098 | ||
| 005 | 20250617045355.0 | ||
| 035 | _a(NLR Aleph) 002462989 | ||
| 090 |
_a2269156 _c2269156 |
||
| 100 | _a20040327d1968 |||y0rusy50 ca | ||
| 101 | 0 | _arus | |
| 102 | _aRU | ||
| 105 | _ay ||||||||| | ||
| 200 | 1 |
_aПрименение квадрупольных линз для увеличения разрешающей способности и чувствительности отклонения электронно-лучевых трубок _fБ.А. Уточкин |
|
| 210 |
_d1968 _aБ. м. |
||
| 461 | 0 |
_1001RU\NLR\INFOCOMM6\1000416985 _12001#$a[Издания]$fИн-т физики высоких энергий. ИФВЭ$v1968, 21 _93998336 _aИнститут физики высоких энергий (пос. Протвино, Московская обл.) _cСерпухов _d1967- _fИн-т физики высоких энергий. ИФВЭ _t[Издания] _v1968, 21 |
|
| 700 | 1 |
_aУточкин _bБ.А. _4070 |
|
| 801 | 1 |
_aRU _bInfoComm _c20040327 |
|
| 801 | 0 |
_aRU _bNLR _gPSBO |
|
| 852 |
_aNLR _jП7/1175 |
||
| 942 | _cISSUE | ||
| 980 | _aNB | ||
| 980 | _aRUSPER | ||